000 01182nam a2200265Ia 4500
003 OSt
005 20220930094753.0
006 a|||||r|||| 00| 0
007 ta
008 220926b |||||||| |||| 00| 0 san d
024 _a11275
037 _cTheses
040 _aCRL
_cCRL
_bsan
041 _2san
_asan
100 _aशर्मा, ऋचा, ले.
110 _aदिल्ली विश्वविद्यालय. कला संकाय. संस्कृत विभाग
_9556253
245 0 _aभारतीय ज्योतिष में यूनानी - ईरानी - तजाकिस्तानी आचार्यों से आदान - प्रदान
246 _aBhāratīya jyotiṣh mean yūnānī - īrānī - tajākistānī āchāryoan se ādān - pradāna
260 _c2012
300 _a808पृ0
_ap.
_ccm.
650 _aसंस्कृत साहित्य
700 _aदिल्ली विश्वविद्यालय. कला संकाय. संस्कृत विभाग
_9556254
942 _cDIS
_2CC
999 _c887655
_d887655